| 000 | 00628nam a2200241 a 4500 | ||
|---|---|---|---|
| 001 | 0001-1110 | ||
| 003 | ELIB.Books | ||
| 008 | 150128 2010 eng | ||
| 020 | _aKBTS: Library | ||
| 035 | _a(ELIB.Books)0001-1265 | ||
| 092 |
_a261 _bEtc |
||
| 100 | _aEtchegaray, Roger Card. | ||
| 245 | _aWorld Development and Economic Institutions | ||
| 260 |
_aVatican City. _bPontifical Council _c1994 |
||
| 300 |
_a135 _c21 CM |
||
| 500 | _aLibrary | ||
| 650 | _aInstitutions | ||
| 856 |
_nKBTS: Library _uKBTS: Elib. |
||
| 942 |
_2ddc _cBK |
||
| 990 | _a1 | ||
| 998 |
_cbat _e2015-01-28 |
||
| 999 |
_c11110 _d11110 |
||